<?xml version="1.0" encoding="UTF-8"?>
<record
    xmlns:xsi="http://www.w3.org/2001/XMLSchema-instance"
    xsi:schemaLocation="http://www.loc.gov/MARC21/slim http://www.loc.gov/standards/marcxml/schema/MARC21slim.xsd"
    xmlns="http://www.loc.gov/MARC21/slim">

  <leader>00214nam a22000857a 4500</leader>
  <controlfield tag="001">1301112</controlfield>
  <controlfield tag="005">20260429100046.0</controlfield>
  <datafield tag="245" ind1=" " ind2=" ">
    <subfield code="a">AL&#x130; ULV&#x130; KURUCU'NUN HATIRALARI 1</subfield>
    <subfield code="c">M.ERTU&#x11E;RUL D&#xDC;ZDA&#x11E;</subfield>
  </datafield>
  <datafield tag="260" ind1=" " ind2=" ">
    <subfield code="b">KETEBE YAYINLARI</subfield>
  </datafield>
  <datafield tag="999" ind1=" " ind2=" ">
    <subfield code="c">1301112</subfield>
    <subfield code="d">1301112</subfield>
  </datafield>
  <datafield tag="952" ind1=" " ind2=" ">
    <subfield code="0">0</subfield>
    <subfield code="1">0</subfield>
    <subfield code="2">ddc</subfield>
    <subfield code="4">0</subfield>
    <subfield code="7">0</subfield>
    <subfield code="a">1111</subfield>
    <subfield code="b">1111</subfield>
    <subfield code="d">2026-04-29</subfield>
    <subfield code="l">0</subfield>
    <subfield code="p">11113797</subfield>
    <subfield code="r">2026-04-29 10:01:01</subfield>
    <subfield code="w">2026-04-29</subfield>
    <subfield code="y">BK</subfield>
  </datafield>
</record>
